Catalog

Record Details

Catalog Search



Available copies

  • 1 of 1 copy available at LARL/NWRL Consortium. (Show)
  • 1 of 1 copy available at Lake Agassiz Regional Library.

Current holds

0 current holds with 1 total copy.

Show Only Available Copies
Location Call Number / Copy Notes Barcode Shelving Location Status Due Date
Moorhead Public Library HYD (Text) 33500014060842 Main Available -

Record details

  • ISBN: 9781480266513
  • ISBN: 1480266515
  • Physical Description: 356 p. ; 21 cm.
  • Publisher: [United States : the author], 2012.

Content descriptions

Summary, etc.:
It's New York, September 11th, 2001. Russell ... Read More
Subject: Families > Fiction.
Kansas > Fiction.
LDR 01048cam a2200265Ka 4500
001168850
003LARL_NWRL_CONSORTIUM
00520140829095525.0
008131202s2012 xxu 000 1 eng d
020 . ‡a9781480266513
020 . ‡a1480266515
035 . ‡a(OCoLC)864434552
040 . ‡aVHB ‡cVHB ‡dOCLCO
1001 . ‡aHyde, Catherine Ryan. ‡0(LARL_NWRL_CONSORTIUM)124231
24510. ‡aWhen you were older / ‡cCatherine Ryan Hyde.
260 . ‡a[United States : ‡bthe author], ‡c2012.
300 . ‡a356 p. ; ‡c21 cm.
520 . ‡aIt's New York, September 11th, 2001. Russell Ammiano is rushing to work when he gets a phone call that saves his life. As the city he loves is hit by unimaginable tragedy, Russell must turn his back and hurry home to Kansas.
650 0. ‡aFamilies ‡vFiction. ‡0(LARL_NWRL_CONSORTIUM)164942
651 0. ‡aKansas ‡vFiction. ‡0(LARL_NWRL_CONSORTIUM)165839
948 . ‡hNO HOLDINGS IN LAL - 5 OTHER HOLDINGS
994 . ‡aZ0 ‡bLAL
901 . ‡a168850 ‡bOCLC ‡c168850 ‡tbiblio

Additional Resources